Difficulties and alleged errors and contradictions in the Bible. (Record no. 4318)
[ view plain ]
| 000 -LEADER | |
|---|---|
| fixed length control field | 00767cam a2200253 i 4500 |
| 001 - CONTROL NUMBER | |
| control field | 268334 |
| 003 - CONTROL NUMBER IDENTIFIER | |
| control field | OSt |
| 005 - DATE AND TIME OF LATEST TRANSACTION | |
| control field | 20181204180948.0 |
| 008 - FIXED-LENGTH DATA ELEMENTS--GENERAL INFORMATION | |
| fixed length control field | 771203s1907 ilu 00100 eng d |
| 035 ## - SYSTEM CONTROL NUMBER | |
| System control number | (CStRLIN)NJPT10011162X |
| 035 ## - SYSTEM CONTROL NUMBER | |
| System control number | (OCoLC)ocm19217401 |
| 040 ## - CATALOGING SOURCE | |
| Language of cataloging | DLC |
| Transcribing agency | DLC |
| 082 ## - DEWEY DECIMAL CLASSIFICATION NUMBER | |
| Classification number | 220.6 |
| Item number | T636D |
| 092 ## - LOCALLY ASSIGNED DEWEY CALL NUMBER (OCLC) | |
| Classification number | 220.1 |
| Item number | T636d, 1907 |
| 100 10 - MAIN ENTRY--PERSONAL NAME | |
| Personal name | Torrey, R. A. |
| Fuller form of name | (Reuben Archer), |
| Dates associated with a name | 1856-1928 |
| 245 10 - TITLE STATEMENT | |
| Title | Difficulties and alleged errors and contradictions in the Bible. |
| 260 0# - PUBLICATION, DISTRIBUTION, ETC. | |
| Place of publication, distribution, etc. | Chicago : |
| Name of publisher, distributor, etc. | Moody Press, |
| Date of publication, distribution, etc. | c1907. |
| 300 ## - PHYSICAL DESCRIPTION | |
| Extent | 125 p. ; |
| Dimensions | 17 cm. |
| 500 ## - GENERAL NOTE | |
| General note | Title on cover: Difficulties in the Bible. |
| 500 ## - GENERAL NOTE | |
| General note | Includes index. |
| 650 #0 - SUBJECT ADDED ENTRY--TOPICAL TERM | |
| Topical term or geographic name entry element | Bible |
| General subdivision | Criticism, interpretation, etc. |
| 740 01 - ADDED ENTRY--UNCONTROLLED RELATED/ANALYTICAL TITLE | |
| Uncontrolled related/analytical title | Difficulties in the Bible. |
| 942 ## - ADDED ENTRY ELEMENTS (KOHA) | |
| Source of classification or shelving scheme | Dewey Decimal Classification |
| Koha item type | Books |
| Withdrawn status | Lost status | Source of classification or shelving scheme | Damaged status | Not for loan | Collection code | Home library | Current library | Shelving location | Date acquired | Cost, normal purchase price | Total Checkouts | Full call number | Barcode | Date last seen | Price effective from | Koha item type |
|---|---|---|---|---|---|---|---|---|---|---|---|---|---|---|---|---|
| Dewey Decimal Classification | Not For Loan | Non-fiction | Harvest Mission College | Harvest Mission College | General Stacks | 04.12.2018 | 90.00 | 220.6 T636D | 004962 | 04.12.2018 | 04.12.2018 | Books |
